000 00371nam a2200157Ia 4500
008 210210b1919 xxu||||| |||| 00| 0 eng d
041 _aeng
082 _a825/903
100 _aWHIBLEY (C)
245 _aLiterary studies
260 _aLondon
_bMacmillan & Co. Ltd.
_c1919
650 _astudies
650 _aLiterary
690 _aEnglish Criticism
906 _a015218
999 _c134535
_d134535